| 000 | 01091nam0a2200289 4500 | ||
|---|---|---|---|
| 001 | RU\NLR\bibl\401906 | ||
| 005 | 20260406073505.0 | ||
| 010 |
_a5-699-02328-3 _97000 |
||
| 021 |
_aRU _b2003-13864 _9643 |
||
| 035 | _a(NLR Aleph) 000396061 | ||
| 090 |
_a545684 _c545684 |
||
| 100 | _a20030523d2003 |||y0rusy50 ca | ||
| 101 | 0 | _arus | |
| 102 | _aRU | ||
| 105 | _ay ||||||||| | ||
| 200 | 1 |
_aГотовим в микроволновой печи _e600 золотых рецептов _f[Сост.: И. Родионова] |
|
| 210 |
_aМ. _cЭКСМО _d2003 |
||
| 215 |
_a383 с. _d15 |
||
| 225 | 1 | _aСерия "Для дома, для семьи" | |
| 606 | 0 |
_aМикроволновые печи _xПрименение в кулинарии _92185532 _3RU\NLR\auth\661314029 |
|
| 686 | _aЛ990.2 | ||
| 702 | 1 |
_4220 _8rus _7ca _aРодионова _bИ. А. _cспециалист по кулинарии _gИрина Александровна _3RU\NLR\auth\7732218 _915227 |
|
| 801 | 0 |
_aRU _bNLR _c20030523 _gPSBO |
|
| 801 | 1 |
_aRU _bNLR _c20030523 |
|
| 942 | _cBOOK | ||
| 980 | _aNB | ||